MARC

LEADER 00000nam0a2200000 4500
001 332647
005 20231102004457.0
035 |a (RuTPU)RU\TPU\book\358600 
090 |a 332647 
100 |a 20170526d1963 km y0rusy50 ca 
101 1 |a rus  |c eng 
102 |a RU 
105 |a a z 001zy 
200 1 |a Катодная защита. (Электрозащита сооружений от коррозии)  |d Cathodic protection  |e пер. с англ.  |f Л. М. Апплгейт  |g под ред. Л. И. Акинфиева 
210 |a Москва  |c Металлургиздат  |d 1963 
215 |a 256 с.  |c ил. 
320 |a Библиогр.: с. 254-256 
510 1 |a Cathodic protection  |z eng 
606 1 |a Катодная защита  |x Строительство  |2 stltpush  |3 (RuTPU)RU\TPU\subj\14103  |9 40571 
610 1 |a электрозащита 
610 1 |a коррозия 
610 1 |a сооружения 
610 1 |a электрохимическая защита 
610 1 |a приборы 
610 1 |a измерения 
610 1 |a исследования 
610 1 |a покрытия 
610 1 |a протекторы 
610 1 |a аноды 
610 1 |a проектирование 
610 1 |a сооружение 
610 1 |a эксплуатация 
610 1 |a устройства 
610 1 |a грунты 
610 1 |a вода 
675 |a 624.1:620.197  |v 4 
700 1 |a Апплгейт  |b Л. М. 
702 1 |a Акинфиев  |b Л. И.  |4 340 
801 1 |a RU  |b 63413507  |c 20170526 
801 2 |a RU  |b 63413507  |c 20171226  |g RCR 
942 |c BK